| 000 | 02488cam a22003254i 4500 | ||
|---|---|---|---|
| 003 | PE-LiUPU | ||
| 005 | 20251002162053.0 | ||
| 008 | 1105s2011 sp a rb 000 0 spa d | ||
| 020 | _a9788497688826 | ||
| 035 | _aPE-LiUPU000003 | ||
| 040 |
_aPE-LiUPU _bspa _cPE-LiUPU _erda |
||
| 082 | 0 | 4 |
_a346.02 _bL339p _223 |
| 100 | 1 |
_aLasarte, Carlos, _eautor. _97053 |
|
| 245 | 1 | 0 |
_aPrácticum de Derecho civil : _bDerecho de personas y familia / _cpor Carlos Lasarte. |
| 250 | _aSegunda edición. | ||
| 264 | 1 |
_aMadrid ; _aBarcelona ; _aBuenos Aires : _bMarcial Pons, _c2011. |
|
| 300 |
_a164 páginas ; _c24 cm. |
||
| 336 |
_atext _2rdacontent |
||
| 337 |
_aunmediated _2rdamedia |
||
| 338 |
_avolume _2rdacarrier |
||
| 504 | _aIncluye referencias y pruebas de evaluación. | ||
| 505 | 0 | _aPrograma de "Derecho Civil I: Parte General, Persona y Familia" -- Ley 3/2007, sobre rectificación registral del sexo de las personas -- Auto de enajenación de bienes de menores -- Escritura pública sobre emancipación por ambos progenitores -- Escritura pública sobre emancipación por concesión de madre divorciada -- Auto de internamiento -- Auto sobre constitución de tutela -- Auto sobre nombramiento de defensor judicial -- Inscripción de nacimiento (y posterior emancipación y nota de referencia del matrimonio de los padres) -- Guía del Ministerio de Justicia sobre cambios o alteraciones de nombre y apellidos -- Acta de nacimiento con posterior modificación del nombre del padre del inscrito -- Cambio o inversión de apellidos posterior a la Ley 40/1999 -- Estatutos de Asociación -- Estatutos de Fundación -- Apoderamiento apud acta -- Poder general otorgado ante Notario -- Poder especial otorgado ante Notario -- Convenio regulador de unión de hecho -- Capitulaciones matrimoniales y liquidación de sociedad de gananciales -- Escritura de aportación a la sociedad de gananciales y compraventa -- Capitulaciones matrimoniales antenupciales -- Reconocimiento testamentario de hija natural -- Donación mortis causa -- Pruebas de evaluación. | |
| 650 | 1 | 4 |
_aDerecho de familia _zEspaña. _97080 |
| 650 | 1 | 0 |
_aEstado civil _zEspaña. _97081 |
| 710 |
_aMarcial Pons Ediciones Jurídicas y Sociales, _eeditor. _97054 |
||
| 856 | 4 | 0 |
_uhttps://www.marcialpons.es/ _zAcceso al sitio de la editorial. |
| 942 |
_2ddc _cBK |
||
| 980 |
_621515 _aROMINA COBOS Adquisiciones _818226 _gJaime Vilcazán Jefe de Análisis Documental |
||
| 999 |
_c63086 _d63085 |
||